| 000 | 00471nam a2200193Ia 4500 | ||
|---|---|---|---|
| 003 | GCL | ||
| 040 |
_aGCL / _cGCL |
||
| 082 | 0 | 4 |
_aCH _b833 _bP U |
| 100 | 1 | _aFISCHER, GISALA | |
| 245 | 1 | 0 |
_aUNSER HUND / _cFISCHER, GISALA |
| 700 | 1 | _aEMBLETON, GILLIAN | |
| 260 |
_a[S.N] : _bPESTALOZZI- VERLAG ، _c1991 |
||
| 650 | 0 | 4 | _aCHILDREN |
| 650 | 0 | 4 | _aGERMAN FICTION |
| 650 | 0 | 4 | _aLANGUAGES |
| 650 | 0 | 4 | _aGERMAN LITERATURE |
| 650 | 0 | 4 | _aCHILDREN - FICTION |
| 942 |
_2ddc _cBK |
||
| 999 |
_c17729 _d17729 |
||